| 000 | 00434nam a2200145Ia 4500 | ||
|---|---|---|---|
| 008 | 201002s9999 xx 000 0 und d | ||
| 020 | _a978-981-486-625-5 | ||
| 100 | _aPytel, Andrew | ||
| 245 |
_cAndrew Pytel, Jaan Kiusalaas _aEngineering mechanics: _bstatics (metric edition)/ |
||
| 250 | _a4th ed. | ||
| 260 |
_aSingapore: _bCENGAGE _c2019 |
||
| 300 |
_axii, 587 pages _c25 cm. |
||
| 650 | _aMechanics, applied | ||
| 650 | _aStatics | ||
| 999 |
_c364568 _d364568 |
||